000 00403nam a2200169Ia 4500
008 230524s9999 xx 000 0 und d
020 _a8178084562
082 _a621.382
_bPAL
100 _aJoseph C.Palais
245 0 _aFiber Optic Communications
250 _a4TH
260 _aNEW DELHI
_bPearson
_c2005
300 _a342
500 _aQuantity Number: 9
650 _aElectronics
942 _cBK
999 _c12660
_d12660